LEADER 01298nam a2200301 4500 001 000000334071 003 CaOOAMICUS 005 20190614161528.0 008 190614s2004 it 000 u ita r 020 $a88-452-0142-2 040 $aSeMil$bita 100 1 $aCarotenuto, Aldo <1933-2005>.$0(OLS)http://semarc/name/1533 245 12$aL'anima delle donne :$b[per una lettura psicologica al femminile] /$cAldo Carotenuto. 250 $a2. ed 264 1$aMilano :$bTascabili Bompiani,$c2004. 300 $a384 p. ;$c20 cm 490 1 $aTascabili Bompiani. Saggi ;$v279 500 $aComplemento al titolo in cop. 650 4$aDonna e società.$0(OLS)http://semarc/subject/19543 650 4$aDonna - Psicologia.$0(OLS)http://semarc/subject/2589 830 0$aTascabili Bompiani. Saggi ;$v279.$0(OLS)http://semarc/title/20573 850 $aSeMil 852 $aSeMil$W1$xVenegono$y1$m2O VII 79$j238837$B226268$CSeMilBibl$Z2$F226268 $81 961 $aConti don Ermenegildo - Omaggio 996 $6020$a88-452-0142-2$9(OLS)http://semarc/number/287587 996 $6245$aL'anima delle donne :$b[per una lettura psicologica al femminile]$9(OLS)http://semarc/title/423732 996 $6264$aMilano :$bTascabili Bompiani$9(OLS)http://semarc/publisher/32847 LEADER 01232nam a2200253 i 4500 001 000000203839 003 CaOOAMICUS 005 20110707000000.0 008 110707s1977 it u000 u ita u 013 $a182554 040 $aSeMil$bita 100 1 $aCordero, Mario.$0(OLS)http://semarc/name/73575 245 12$aL'autunno del concordato. Chiesa cattolica e stato in Italia :$bil dibattito politico (1929-1977) /$ca cura di Mario Cordero ; introduzione di Francesco Traniello e Mario Cordero. 260 $aTorino :$bClaudiana,$ccopyr. 1977. 300 $a300 p. ;$c21 cm. 490 0 $aNostro tempo ;$v22 500 $aLa bibliografia è suddivisa al termine delle introduzioni di ogni capitolo. 650 4$aConcordati.$0(OLS)http://semarc/subject/9171 700 1 $aTraniello, Francesco,$d<1936- >.$0(OLS)http://semarc/name/602 830 0$aNostro tempo ;$v22.$0(OLS)http://semarc/title/7076 850 $aSeMil 852 $aSeMil$W1$xVenegono$y1$m3U II 353$j154333$B154333$CSeMilBibl$Z2$F165223 $81 996 $6245$aL'autunno del concordato. Chiesa cattolica e stato in Italia :$bil dibattito politico (1929-1977)$9(OLS)http://semarc/title/295292 996 $6260$aTorino :$bClaudiana$9(OLS)http://semarc/publisher/29837